000 00946nmm a2200277 a 4500
001 ocm000608259
003 TR-IsHL
005 20201028132115.0
008 131028s2007 tu tur
007 cr cn
020 _a9789944257039
035 _a608259
_b(N$T)
050 0 4 _aBF637.N46
_bE74 2007
090 0 4 _aBF637.N46
_bE74 2007
100 1 _aErengil, Cengiz
245 1 0 _aYaşam geminizin kaptanı olun: NLP ile liderlik ve başarma sanatı
_h[electronic resource] /
_cCengiz Erengil
250 _a1. bs.
260 _aİstanbul :
_bAkis Kitap,
_c2007
300 _a128 p.
650 4 _aFelsefe, Psikoloji ve Din
650 4 _aPhilosophy, Psychology and Religion
650 0 _aNörolinguistik programlama
650 0 _aNeurolinguistic programming
650 7 _aSELF-HELP / Neuro-Linguistic Programming (NLP)
_2bisacsh
856 4 0 _uhttp://search.ebscohost.com/login.aspx?direct=true&scope=site&db=e011xww&AN=608259
999 _c4918
_d4918